Spotrebné dane a oslobodenie od týchto daní

Oslobodenie od dane, daňové zvýhodnenie, vrátenie dane. Oslobodenie od dane podľa smernice č. 92/12/EHS. Oslobodenie od dane podľa štruktúrnych smerníc - oslobodenie od dane z minerálnych olejov, z alkoholu a alkoholických nápojov, z tabaku a tabakových výrobkov. Vrátenie dane. Nákup tovarov podlieh...

Full description

Saved in:
Bibliographic Details
Main Author: Šubík, Peter
Format: Book Chapter
Language:Slovak
Subjects:
Tags: Add Tag
No Tags, Be the first to tag this record!

MARC

LEADER 00000naa$a2200000$$$4500
001 0040895
005 20230919095955.2
041 0 |a slo 
044 |a SK 
245 1 0 |a Spotrebné dane a oslobodenie od týchto daní  |c Peter Šubík 
520 |a Oslobodenie od dane, daňové zvýhodnenie, vrátenie dane. Oslobodenie od dane podľa smernice č. 92/12/EHS. Oslobodenie od dane podľa štruktúrnych smerníc - oslobodenie od dane z minerálnych olejov, z alkoholu a alkoholických nápojov, z tabaku a tabakových výrobkov. Vrátenie dane. Nákup tovarov podliehajúcich spotrebným daniam oslobodených od dane. 
610 2 0 |a dane spotrebné 
610 2 0 |a oslobodenie od daní 
610 2 0 |a smernice 
100 1 |a Šubík, Peter